000 01471nab a2200409 a 4500
001 128678
003 FlNmELB
005 20241217180122.0
006 m o d |
007 cr cn|||||||||
008 201206r2004 mx |||||s|||||||||||spa d
022 _a1405-3195
035 _a(OCoLC)955358155
040 _aFlNmELB
_bspa
_cFlNmELB
050 4 _aQA1
_bG643 2004
080 _a510
082 0 4 _a51
_222
100 1 _aGonzález-Estrada, Adrián.
222 0 _aAgrociencia
245 1 3 _aLa economía de la contaminación en la teoría del equilibrio general competitivo
_h[recurso electronico] :
_bII. efectos rybcszynski y políticas eficientes y óptimas de control /
_cAdrián González-Estrada.
260 _aTexcoco, México :
_bColegio de Postgraduados,
_c2004.
300 _a313-324 p.
310 _aBimestral
362 0 _aVol. 38, Num. 3 (Mayo-Jun. 2004)-
533 _aRecurso electrónico. Santa Fe, Arg.: e-libro, 2015. Disponible vía World Wide Web. El acceso puede estar limitado para las bibliotecas afiliadas a e-libro.
546 _aArtículo en español, resumenes en español e inglés.
650 0 _aMatemáticas.
650 0 _aEstadística.
650 0 _aMathematics.
650 0 _aStatistics.
653 _aMatematicas
653 _aEstadistica
655 4 _aArtículos electrónicos.
710 2 _ae-libro, Corp.
740 0 2 _aAgrociencia.
856 4 0 _uhttps://elibro.net/ereader/politecnicointernacional/18875
999 _c128678
_d128678